ბათუმის შოთა რუსთაველის სახელმწიფო უნივერსიტეტის ბიბლიოთეკა

რუსულ–ქართული ლექსიკონი = Русско-Грузинский словарь (ბიბ.ჩანაწერი № 37905)

000 -ლიდერი
ფიქსირებული სიგრძის საკონტროლო ველი 00969nam a2200229Ia 4500
001 - საკონტროლო ნომერი
საკონტროლო ველი 3883
003 - საკონტროლო ნომრის იდენტიფიკატორი
საკონტროლო ველი GE_BSU
005 - ბოლო ოპერაციის თარიღი და დრო
საკონტროლო ველი 20190514142356.0
008 - ფიქსირებული სიგრძის მონაცემთა ელემენტები - ზოგადი ინფორმაცია
ფიქსირებული სიგრძის საკონტროლო ველი 181216s2001||||ge |||||||||||||| ||geo||
020 ## - წიგნის საერთაშორისო სტანდარტული ნომერი
International Standard Book Number 9992828218
040 ## - კატალოგიზაციის წყარო
Transcribing agency GE_BSU
041 ## - ენის კოდი
Language code of text/sound track or separate title geo
080 ## - უნივერსალური ათობითი კლასიფიკაციის ინდექსი
Universal Decimal Classification number 81'374.822(038)=161.1=353.1 Р-89
245 ## - ცნობა სათაურის შესახებ
Title რუსულ–ქართული ლექსიკონი = Русско-Грузинский словарь
Remainder of title რუსულ–ქართული ლექსიკონი. /
Statement of responsibility, etc соств : М.В.Канкава ; Ред. ак.Давитиани
250 ## - გამოცემის ცნობა
Edition statement Второе издание.
264 ## - წარმოების, გამოცემის, დისტრიბუციის და სხვა ცნობები
გამოცემის, წარმოების, დისტრიბუციის... ადგილი Тбилиси .:
გამოცემის, წარმოების, დისტრიბუციის... სახელწოდება Сакартмелос мацне,
გამოცემის, წარმოების, დისტრიბუციის... თარიღი 2001.
300 ## - ფიზიკური აღწერა
Extent 578. ; стр
Dimensions 17 см.
653 ## - INDEX TERM--UNCONTROLLED
Uncontrolled term Русско-Грузинский словарь
653 ## - INDEX TERM--UNCONTROLLED
Uncontrolled term რუსულ–ქართული ლექსიკონი
700 ## - ADDED ENTRY--PERSONAL NAME
Personal name Ак. Давитиани
Relator term Редактор
9 (RLIN) 1098
942 ## - ADDED ENTRY ELEMENTS (KOHA)
Koha item type წიგნი
Source of classification or shelving scheme
ეგზემპლარები
ჩამოწერის სტატუსი დაკარგული ეგზემპლარის სტატუსი კლასიფიკაციის წყარო ან თაროზე გაწყობის სქემა დაზიანების სტატუსი არ გაიცემა მუდმივი მდებარეობა (დაცვის ადგილი) ამჟამინდელი ადგილსამყოფელი თაროზე განთავსების ადგილი შეძენის თარიღი ღირებულება, შესყიდვის ნორმალური ფასი სრული შენახვის შიფრი შტრიხკოდი ბოლო ოპერაციის თარიღი ეგზემპლარის მიმდევრობითი ნომერი (კეტერი?) ფასის ძალაში შესვლის თარიღი ეგზემპლარის სახეობა საჯარო შენიშვნა
          ტექნოლოგიური ფაკულტეტის ბიბლიოთეკა ტექნოლოგიური ფაკულტეტის ბიბლიოთეკა წიგნსაცავი 2018-12-17 8.00 81'374.822(038)=161.1=353.1 Р -89 8373 2018-12-17 8373 2018-12-17 წიგნი 8 л.
          ტექნოლოგიური ფაკულტეტის ბიბლიოთეკა ტექნოლოგიური ფაკულტეტის ბიბლიოთეკა წიგნსაცავი 2018-12-17 8.00 81'374.822(038)=161.1=353.1 Р-89 8374 2018-12-17 8374 2018-12-17 წიგნი 8 л.